CHP ve aydınlanmanın kısa tarihi [broşür] (Record no. 10206)

MARC details
000 -BAŞLIK
Sabit Uzunlukta Kontrol Alanı 01107na a2200337 4500
999 ## - SİSTEM KONTROL NUMARALARI (KOHA)
Koha Biblionumber 10206
Koha Biblioitemnumber 10206
001 - KONTROL NUMARASI
Denetim Alanı 19371
003 - KONTROL NUMARASI IDENTIFIER
Denetim Alanı MIRAKIL
005 - SON İŞLEM TARİHİ VE ZAMANI
Denetim Alanı 20210323144734.0
008 - SABİT-BOY VERİ ELEMANLARI - GENEL BİLGİLER
Sabit Uzunlukta Kontrol Alanı 170126b tu 000 0
035 ## - SİSTEM KONTROL NUMARASI
Sistem Kontrol Numarası 19371
040 ## - KATALOGLAMA KAYNAK
Orijinal Kataloglama Ajansı Milas
Kataloglama Dili tur
Metne Dönüştürmek Ajansı TR-AnCHP
041 ## - DİL KODU
Metin / Ses Parça Veya Ayrı Başlığın Dil Kodu tur
082 ## - DEWEY ONLU SINIFLANDIRMA NUMARASI
Sınıflandırma Numarası CHP 324.2172
Ürün Numarası C36 [2011?]
090 ## - SINIFLAMA NUMARASI
Sınıflama Numarası BROŞÜR 93
245 ## - BAŞLIK TABLOSU
Başlık CHP ve aydınlanmanın kısa tarihi [broşür]
Başlığın Kalan (04 Eylül 1919 - 27 Mayıs 1960)
Sorumluluk Tablosu, Vb [CHP]
260 ## - YAYIN, DAĞITIM, VB
Yayın, Dağıtım, Vb Yeri Ankara
Yayıncı, Dağıtıcı, Vs Adı CHP
Yayın, Dağıtım, Vb Tarihi 2012?
300 ## - FİZİKSEL TANIM
Kapsam 39 s.
Diğer Fiziksel Ayrıntıları rnkl. res.; fotg.
Boyutlar 21 sm.
440 ## - SERİSİ TABLOSU / KATMA GİRİŞİ - BAŞLIK
Başlık Cumhuriyet Halk Partisi yayınları
Bir İşin Parçası / Bölümün İsmi Raporlar
500 ## - GENEL NOT
Genel Not 2 kopya.
610 ## - KONU KATMA GİRİŞ - TOPLANTI ADI
Giriş Elemanı Olarak Kurumsal Ad Veya Yargı Alanı Adı CHP
Genel Alt Bölüm Seçim kampanyaları, 2011
Kronolojik Alt Bölüm Propaganda ve ideolojiler
610 ## - KONU KATMA GİRİŞ - TOPLANTI ADI
Giriş Elemanı Olarak Kurumsal Ad Veya Yargı Alanı Adı CHP
Genel Alt Bölüm Tarih
Kronolojik Alt Bölüm 1919-1960
650 ## - KONU KATMA GİRİŞ - TOPİKAL DÖNEM
Topikal Süreli Veya Coğrafi Ad Giriş Elemanı Sosyal demokrat partiler
Genel Alt Bölümü Tarih
Kronolojik Alt Bölümü Broşürler
Coğrafi Alt Bölümü Türkiye
651 ## - KONU KATMA GİRİŞ - COĞRAFİ ADI
Coğrafi İsim Türkiye
Genel Alt Bölümü Siyasal tarih
Kronolojik Alt Bölümü 1919-1960
700 ## - KATMA GİRİŞ - KİŞİSEL İSİM
Kişisel Ad
740 ## - KATMA GİRİŞ - KONTROLSUZ İLGİLİ / ANALİTİK BAŞLIK
Kontrol Edilmeyen / İlgili Analitik Başlıktaki Herkes için CHP
830 ## - SERİSİ EKLENDİ GİRİŞ - ÜNİFORM ADI
Üniforma Başlık CHP raporları
942 ## - EKLENDİ GİRİŞ ELEMANLARI (KOHA)
Sınıflandırma Veya Raf Düzeni Kaynak Dewey Decimal Classification
Koha Öğesi Türü Books
999 ## - SİSTEM KONTROL NUMARALARI (KOHA)
Koha Biblioitemnumber 10206
Holdings
Kullanım Kısıtlamaları Kalıcı Konum Mevcut Konum Edinme Tarihi Edinim Kaynak Kodlu Konum Eleme Toplam Check-Out'Lar Tam Çağrı Numarası Barkod Tarih Son Görülme İtibaren Geçerli Fiyatlar Koha Öğesi Türü
Kütüphane dışına çıkarılamaz CHP Kütüphanesi CHP Kütüphanesi 12/14/2016 Bağış BROŞÜRLER   BROŞÜR 93 011107 12/14/2016 12/14/2016 Visual Material